Obchodný zákonník s rozsiahlym komentárom po poslednej novele vykonanej zákonom NR SR č. 530/2003 Z. z. s účinnosťou od 1. februára 2004
Gespeichert in:
| Format: | Buch |
|---|---|
| Sprache: | Slowakisch |
| Veröffentlicht: |
Bratislava
NOVÁ PRÁCA
2004
|
| Ausgabe: | 6. dopl. vyd. |
| Schlagworte: | |
| Tags: |
Keine Tags, Fügen Sie das erste Tag hinzu!
|
MARC
| LEADER | 00000nam$a2200000$$$4500 | ||
|---|---|---|---|
| 001 | 0009587 | ||
| 005 | 20220729101943.1 | ||
| 020 | |a 80-88929-56-3 | ||
| 041 | 0 | |a slo | |
| 044 | |a SK | ||
| 245 | 1 | 0 | |a Obchodný zákonník |b s rozsiahlym komentárom po poslednej novele vykonanej zákonom NR SR č. 530/2003 Z. z. s účinnosťou od 1. februára 2004 |
| 250 | |a 6. dopl. vyd. | ||
| 264 | 1 | |a Bratislava |b NOVÁ PRÁCA |c 2004 | |
| 300 | |a 703 s. | ||
| 610 | 2 | 0 | |a zákonník obchodný |
| 610 | 2 | 0 | |a legislatíva |
| 610 | 2 | 0 | |a právo obchodné |
| 610 | 2 | 0 | |a predpisy právne |
| 610 | 2 | 0 | |a Slovensko |
| 610 | 2 | 0 | |a register obchodný |